| 000 | 00423nam a2200169Ia 4500 | ||
|---|---|---|---|
| 003 | LK-CoDNM | ||
| 008 | 010623t2007 xxu||||| |||| 00| 1 eng d | ||
| 040 |
_aLK-CoDNM _dLK-CoDNM _eLK-CoDNM |
||
| 041 | _aeng | ||
| 080 |
_a(x) 92 _bHER |
||
| 100 | _aHerath, L.B. | ||
| 245 | _aSri Lanka's Modern Writers Patriots | ||
| 260 |
_bSamayawardena _aColombo _c2007 |
||
| 300 | _b106, 22 cm | ||
| 650 | _aBiography | ||
| 942 | _cBK | ||
| 999 |
_c126425 _d126425 |
||